000
00214 a2200097 4500
001
1087
100
_a
Manly,G.B
245
_a
Aircraft electrical & ignition systems
260
_a
_b
F.J Wrake
_c
090
_c
651
_d
651
942
_a
NUST-CAE
_c
M
_c
33056
999
_c
236160
_d
236160